000 01728nam a2200397 c 4500
003 BLK
005 20180422101546.0
008 180408b bul|||||r ||||||| ||bul||
010 _aKNG00055182000
020 _a954-07-1958-5
_bиздат.: Унив. изд. Св. Климент Охридски
040 _aBLK
041 _aBUL
_cBUL
_hENG
080 _aАнглийски език
_b811.111
_x-3(075.8)
_z811.111-3(075.8)
080 _aАнглийски език
_b811.111
_x-54
_z811.111-54
100 1 _aПенчева, Майя Стефанова
_eпърви автор
_9366375
139 _aПенчева, Майя Стефанова
_bП 36
245 1 0 _aАнглийските думи
_cМайя Стефанова Пенчева.
257 _aBGR
260 София
_bУнив. изд. Св. Климент Охридски
_c2004
300 _a300 с.
_bс табл.
_c24 см
380 _a80
490 1 _aБиблиотека Lingua
_v2
500 _aИзд. на Унив. Св. Климент Охридски. Фак. по класически и нови филологии. - Библиогр. с. 296-300 ; Таблици.
504 _a296-300
650 4 _aАнглийски език - лексикология - учебници за ВУЗ
_9278958
650 4 _aАнглийски език - словообразуване
_9283716
653 _aанглийски език
653 _aлексикология
653 _aсловообразуване
653 _aистория на езика
852 _aЦб 224561
856 4 _qpdf
_u
856 4 _qpdf
_u
942 _cKNG
_n0
944 _aCR
_c08.09.2005
_kЛюдмила_Стоянова
944 _aED
_c04.09.2015
_kТеодора_Стоянова
999 _c51280
_d51280